000 00678nam a2200253Ia 4500
003 OSt
005 20220918163206.0
006 a|||||r|||| 00| 0
007 ta
008 220917b |||||||| |||| 00| 0 eng d
020 _a0 19 812008 7
024 _a21,257
037 _cTextual
040 _aARTS
_cARTS
_beng
041 _2eng
_aeng
082 _aO111,3M12:g, L1
100 _aWelsh Alexander
_911889
245 0 _aCity of Dickens Alexander Welsh
260 _aOxford
_bClarendon Press
_c1971
300 _aix;231p.
_ccm.
650 _aENGLISH LITERATURE
942 _hO111,3M12:g, L1
_cTEXL
_2CC
999 _c118342
_d118342